<?xml version="1.0" encoding="UTF-8"?>
<record
    xmlns:xsi="http://www.w3.org/2001/XMLSchema-instance"
    xsi:schemaLocation="http://www.loc.gov/MARC21/slim http://www.loc.gov/standards/marcxml/schema/MARC21slim.xsd"
    xmlns="http://www.loc.gov/MARC21/slim">

  <leader>00663nam a22001577a 4500</leader>
  <controlfield tag="003">OSt</controlfield>
  <controlfield tag="005">20150925094215.0</controlfield>
  <controlfield tag="008">150925b        xxu||||| |||| 00| 0 eng d</controlfield>
  <datafield tag="040" ind1=" " ind2=" ">
    <subfield code="c">RUA</subfield>
  </datafield>
  <datafield tag="082" ind1=" " ind2=" ">
    <subfield code="a">AGR SE 2012 B052 Or.1 </subfield>
  </datafield>
  <datafield tag="100" ind1=" " ind2=" ">
    <subfield code="9">1304</subfield>
    <subfield code="a">SE SOKLEAP</subfield>
  </datafield>
  <datafield tag="245" ind1=" " ind2=" ">
    <subfield code="a">Effect of direct seeding mulch-based cropping system on phosphorus and potassium the soil,(&#x17A5;&#x1791;&#x17D2;&#x1792;&#x17B7;&#x1796;&#x179B;&#x1793;&#x17C3;&#x1794;&#x17D2;&#x179A;&#x1796;&#x17D0;&#x1793;&#x17D2;&#x1792;&#x178A;&#x17C6;&#x17B6;&#x178A;&#x17BB;&#x17C7;&#x178A;&#x17C6;&#x178E;&#x17B6;&#x17C6;&#x1782;&#x17C6;&#x179A;&#x1794;&#x178A;&#x17B8;&#x179B;&#x17BE;&#x1780;&#x17C6;&#x179A;&#x17B7;&#x178F;&#x1795;&#x17BC;&#x179F;&#x17D2;&#x179C;&#x17D0;&#x179A; &#x1793;&#x17B7;&#x1784; &#x1794;&#x17C9;&#x17BC;&#x178F;&#x17B6;&#x179F;&#x17D2;&#x1799;&#x17BC;&#x1798;&#x1780;&#x17D2;&#x1793;&#x17BB;&#x1784;&#x178A;&#x17B8;) </subfield>
  </datafield>
  <datafield tag="260" ind1=" " ind2=" ">
    <subfield code="a">phnom penh </subfield>
    <subfield code="b">RUA </subfield>
    <subfield code="c">2012</subfield>
  </datafield>
  <datafield tag="300" ind1=" " ind2=" ">
    <subfield code="a">xii, 49p.</subfield>
    <subfield code="c">ill.</subfield>
    <subfield code="g">29cm.</subfield>
  </datafield>
  <datafield tag="942" ind1=" " ind2=" ">
    <subfield code="2">ddc</subfield>
    <subfield code="c">AGR</subfield>
  </datafield>
  <datafield tag="999" ind1=" " ind2=" ">
    <subfield code="c">1235</subfield>
    <subfield code="d">1235</subfield>
  </datafield>
  <datafield tag="952" ind1=" " ind2=" ">
    <subfield code="0">0</subfield>
    <subfield code="1">0</subfield>
    <subfield code="2">ddc</subfield>
    <subfield code="4">0</subfield>
    <subfield code="6">AGR_SE_2012_000000000000000_B052_OR_1</subfield>
    <subfield code="7">0</subfield>
    <subfield code="9">5155</subfield>
    <subfield code="a">LBB</subfield>
    <subfield code="b">LBB</subfield>
    <subfield code="c">B052</subfield>
    <subfield code="d">2015-09-25</subfield>
    <subfield code="l">4</subfield>
    <subfield code="o">AGR SE 2012 B052 Or.1</subfield>
    <subfield code="p">RUA004770</subfield>
    <subfield code="r">2019-11-05</subfield>
    <subfield code="s">2019-10-12</subfield>
    <subfield code="w">2015-09-25</subfield>
    <subfield code="y">AGR</subfield>
  </datafield>
  <datafield tag="952" ind1=" " ind2=" ">
    <subfield code="0">0</subfield>
    <subfield code="1">0</subfield>
    <subfield code="2">ddc</subfield>
    <subfield code="4">0</subfield>
    <subfield code="6">AGR_SE_2012_000000000000000_B052_OR_2</subfield>
    <subfield code="7">0</subfield>
    <subfield code="9">5156</subfield>
    <subfield code="a">LBB</subfield>
    <subfield code="b">LBB</subfield>
    <subfield code="c">B052</subfield>
    <subfield code="d">2015-09-25</subfield>
    <subfield code="l">4</subfield>
    <subfield code="o">AGR SE 2012 B052 Or.2</subfield>
    <subfield code="p">RUA005972</subfield>
    <subfield code="r">2024-05-08</subfield>
    <subfield code="s">2024-05-02</subfield>
    <subfield code="w">2015-09-25</subfield>
    <subfield code="y">AGR</subfield>
  </datafield>
</record>
